| 000 | 00825nam a2200217 i 4500 | ||
|---|---|---|---|
| 001 | 91719 | ||
| 003 | ES-MaACL | ||
| 005 | 20250809063511.0 | ||
| 007 | t| | ||
| 008 | 050209s1995 sp ||||1| spa d | ||
| 080 | _a929 Torres, Luis de | ||
| 100 | 1 |
_aVilar, Juan Bautista, _d1941-2018 _9114797 |
|
| 245 | 1 | 0 |
_aNuevos datos para una biografía del judío converso Luis de Torres, intérprete oficial en la primera expedición colombina / _cJuan Bta. Vilar. |
| 260 |
_aGranada : _bUniversidad de Granada, _c1995. |
||
| 300 |
_ap. [247]-261 ; _c24 cm. |
||
| 500 | _aSeparata de: Miscelánea de Estudios Arabes y Hebraicos, sección árabe-islam, vol. 44. | ||
| 600 | 1 | 4 |
_aTorres, Luis de. _9110902 |
| 710 | 2 |
_aUniversidad de Granada. _97176 |
|
| 852 |
_aES-MaACL _j2186-F-25 _bR.135364 |
||
| 999 |
_c91719 _d91719 |
||